Introducción a la fé / (Record no. 123988)

MARC details
000 -LEADER
campo de control de longitud fija 00575nam a2200193 4500
001 - NÚMERO DE CONTROL
campo de control 123988
003 - IDENTIFICADOR DE NÚMERO DE CONTROL
campo de control ES-MaACL
005 - FECHA Y HORA DE LA ÚLTIMA TRANSACCIÓN
campo de control 20250808002443.0
007 - CAMPO FIJO DE DESCRIPCIÓN FÍSICA--INFORMACIÓN GENERAL
campo de control de longitud fija t|
008 - DATOS DE LONGITUD FIJA--INFORMACIÓN GENERAL
campo de control de longitud fija 070214s1966 sp r ||||1| spa d
100 1# - ENTRADA PRINCIPAL--NOMBRE DE PERSONA
Nombre de persona Ramsey, Arthur Michael
Títulos y otros términos asociados al nombre Arzobispo de Canterbury.
9 (RLIN) 95380
245 10 - MENCIÓN DEL TÍTULO
Título Introducción a la fé /
Mención de responsabilidad, etc. Arthur Michael Ramsey.
260 ## - PUBLICACIÓN, DISTRIBUCIÓN, ETC.
Lugar de publicación, distribución, etc. Madrid :
Nombre del editor, distribuidor, etc. Mester,
Fecha de publicación, distribución, etc. 1966.
300 ## - DESCRIPCIÓN FÍSICA
Extensión 88 p. ;
Dimensiones 20 cm.
490 1# - MENCIÓN DE SERIE
Mención de serie Hombre nuevo ;
Designación de volumen o secuencia 1
830 03 - PUNTO DE ACCESO ADICIONAL DE SERIE-TÍTULO UNIFORME
Título uniforme El hombre nuevo
Designación de volumen o secuencia 1
9 (RLIN) 182265
852 ## - LOCALIZACIÓN
Ubicación ES-MaACL
Número de control de estantería C-32105
Sublocalización o colección R.62849
Holdings
Estatus retirado Estado de pérdida Estado de daño No para préstamo Biblioteca de origen Biblioteca actual Ubicación en estantería Fecha de adquisición Fuente de adquisición Total de préstamos Signatura topográfica completa Código de barras Visto por última vez Precio de reemplazo Tipo de ítem Koha
        Biblioteca del Ateneo de Madrid Biblioteca del Ateneo de Madrid Depósito 2 17/01/2008     C-32105 1129176 23/02/2023 23/02/2023 Libro impreso